Zmena v Šamoríne: Američana strieda Fín

Bibliographic Details
Format: Article
Language:Slovak
PhysicalDescription:Fotogr.
ISSN:0139-7001
Subjects:

MARC

LEADER 00000nab a2200000 a 4500
001 vtls011603291
003 SK-MaSNL
005 20260303170813.0
008 170111|20170111xo dr | 000 0|slo
015 |a SNBRB2017/01 
038 |a DSZK 
040 |a DSZK  |b slo  |c DSZK  |e AACR2 
041 0 |a slo 
044 |a xo  |c SK 
080 |a 796.332.071.43  |2 2011 
245 0 0 |a Zmena v Šamoríne: Američana strieda Fín  |c [autor] (jač) 
300 |b Fotogr. 
600 1 7 |a Lönnström, Mika  |2 dszk  |9 1194472 
610 2 7 |a FC ŠTK 1914 Šamorín  |2 dszk  |9 1097032 
650 0 7 |a futbaloví tréneri  |2 dszk  |9 68566 
650 0 7 |a angažmán  |2 dszk  |9 1086469 
651 7 |a Šamorín (Slovensko)  |2 SNKPH  |9 28925 
773 0 |t Šport  |g Roč. 71, č. 8 (11.1.2017), s. 4  |x 0139-7001 
852 |a DSZK  |b KIS3GCP 
958 |a SK 
999 |c 2078713  |d 2080643